000 00433nam a22001697a 4500
999 _c5320
_d5320
003 GBCCL
005 20241126110538.0
008 180313b ||||| |||| 00| 0 eng d
040 _cgbc
082 _a248.3
_bJER
100 _aJeremiah, David
_97829
245 _aWorship /
_cDavid Jeremiah
260 _bWalk Thru the Bible Ministries,
_aAtlanta:
_c1995
300 _a126 p.;
_c21 cm.
650 _aWorship
_9444
942 _2ddc
_cBK
_012